| 000 | 00495nam a2200181Ia 4500 | ||
|---|---|---|---|
| 005 | 20250423101016.0 | ||
| 008 | 250422s9999 xx 000 0 und d | ||
| 020 | _a9780689824357 | ||
| 050 | _aPZ 7 .R83/ | ||
| 100 | _aRuby, Lois. | ||
| 245 | 0 | _aSteal away home | |
| 260 | _aNew York | ||
| 260 | _bMacmillan | ||
| 260 | _c1994 | ||
| 300 | _a192 p | ||
| 650 | _aFugitive slaves--Fiction. Slavery--Fiction. Underground Railroad--Fiction. Quakers--Fiction. Kansas--Fiction. | ||
| 942 | _cBK | ||
| 999 |
_c35004 _d35004 |
||